00671nam a2200229 a 4500001001300000003000900013005001700022008004100039020002300080082001500103100001900118245004000137260003300177300000900210500003500219650001800254700001900272902000800291942000700299952011800306999001700424nice12345678IN_TiNIC20260116015002.0070914s2001 onta grp 000 0 eng  a083619148X c10000a254.5bMUR aMurray, Stuart aChurch Planingb Laying Foundations aOntariobHerald Press c2001 a288p aincludes index and biblioraphy aChurch-Growth1 aMurray, Stuart bSRS cBK 001040708StackRoom-aHMIbHMId2007-09-14g100.00l0o254.5 MURp11001881r2007-09-14v100.00w2007-09-14yBK c17843d17843